Dictionary of the energy-producing industry: (Record no. 46014)
[ view plain ]
| 000 -LEADER | |
|---|---|
| fixed length control field | 00495nam a22001577a 4500 |
| 008 - FIXED-LENGTH DATA ELEMENTS--GENERAL INFORMATION | |
| fixed length control field | 230621b |||||||| |||| 00| 0 eng d |
| 020 ## - INTERNATIONAL STANDARD BOOK NUMBER | |
| International Standard Book Number | 9783452190161 |
| 040 ## - CATALOGING SOURCE | |
| Original cataloging agency | National Science Library |
| Transcribing agency | National Science Library |
| 080 ## - UNIVERSAL DECIMAL CLASSIFICATION NUMBER | |
| Universal Decimal Classification number | R 620.9(038)=30 |
| Item number | M1.1 |
| 245 ## - TITLE STATEMENT | |
| Title | Dictionary of the energy-producing industry: |
| Remainder of title | Nuclear and non-nuclear energy sources |
| 260 ## - PUBLICATION, DISTRIBUTION, ETC. | |
| Place of publication, distribution, etc. | Köln: |
| Name of publisher, distributor, etc. | Carl Heymanns, |
| Date of publication, distribution, etc. | 1981 |
| 300 ## - PHYSICAL DESCRIPTION | |
| Extent | vii, 166p. |
| 650 ## - SUBJECT ADDED ENTRY--TOPICAL TERM | |
| Topical term or geographic name entry element | Science |
| 653 ## - INDEX TERM--UNCONTROLLED | |
| Uncontrolled term | Energy |
| 942 ## - ADDED ENTRY ELEMENTS (KOHA) | |
| Source of classification or shelving scheme | Universal Decimal Classification |
| Koha item type | Reference |
| Withdrawn status | Lost status | Source of classification or shelving scheme | Damaged status | Not for loan | Home library | Current library | Shelving location | Date acquired | Total Checkouts | Full call number | Barcode | Date last seen | Price effective from | Koha item type |
|---|---|---|---|---|---|---|---|---|---|---|---|---|---|---|
| Universal Decimal Classification | National Science Library | National Science Library | GF/Rk-14/C-24/R-4 | 27/04/1984 | R 620.9(038)=30 M1.1 | 104426 | 21/06/2023 | 27/04/1984 | Reference |